000 00462nam a22001817a 4500
999 _c16808
_d16808
003 OSt
005 20180411163212.0
008 180411b xxu||||| |||| 00| 0 eng d
020 _a9789381714577
040 _cKABU
050 _aRS 57
_b.K37 2014 C.1
100 _aKar, Ashutosh
245 _aPharmaceutical calculations:
_cAshutosh Kar
260 _aNew Delhi:
_bMedtec;
_c2014.
300 _axviii, 410p.
650 _aPharmacy
_vTables
942 _2lcc
_cBK